[Event "Orlova op 6th"]
[Site "Orlova"]
[Date "2009.05.29"]
[Round "8"]
[White "Didi, Jan"]
[Black "Votava, Petr"]
[Result "1-0"]
[WhiteElo "2031"]
[BlackElo "2137"]
[PlyCount "105"]
[EventDate "2009.05.23"]
[EventType "swiss"]
[EventRounds "9"]
[EventCountry "CZE"]
[SourceTitle "EXT 2012"]
[Source "ChessBase"]
[SourceDate "2011.11.24"]
[SourceVersion "1"]
[SourceVersionDate "2011.11.24"]
[SourceQuality "1"]

1. e4 e5 2. Nf3 Nc6 3. Bb5 Bc5 4. 0-0 Nf6 5. c3 0-0 6. d4 Bb6 7. Bg5 h6 8. Bh4 d6 9. Bxc6 bxc6 10. dxe5 dxe5 11. Qa4 Qe8 12. Bg3 c5 13. Qc2 Bb7 14. Nbd2 Rd8 15. Nxe5 Rxd2 16. Qxd2 Nxe4 17. Qf4 f5 18. Nc4 g5 19. Qe5 f4 20. Qxe8 Rxe8 21. f3 Ba6 22. b3 Nxc3 23. Bf2 Ne2+ 24. Kh1 Bxc4 25. bxc4 Re5 26. Rad1 Nd4 27. Rfe1 Rf5 28. Re7 Nc6 29. Re8+ Kf7 30. Rde1 Rf6 31. h4 Rd6 32. Kh2 Nd4 33. R8e7+ Kf6 34. h5 Ba5 35. R1e4 Nf5 36. R7e5 Bb4 37. Bxc5 Bxc5 38. Rxc5 Ng3 39. Re1 c6 40. Ra5 Nxh5 41. Rxa7 c5 42. a4 Ng3 43. a5 Nf5 44. Rb7 Rd2 45. Rb6+ Kf7 46. Re5 Nh4 47. Rxc5 Nxf3+ 48. Kh3 Ng1+ 49. Kg4 Rxg2+ 50. Kf5 Re2 51. Rc7+ Re7 52. Rxe7+ Kxe7 53. a6 1-0

[Event "Orlova op 6th"]
[Site "Orlova"]
[Date "2009.05.24"]
[Round "2"]
[White "Luczyk, Petr"]
[Black "Votava, Petr"]
[Result "0-1"]
[WhiteElo "1782"]
[BlackElo "2137"]
[PlyCount "38"]
[EventDate "2009.05.23"]
[EventType "swiss"]
[EventRounds "9"]
[EventCountry "CZE"]
[SourceTitle "EXT 2012"]
[Source "ChessBase"]
[SourceDate "2011.11.24"]
[SourceVersion "1"]
[SourceVersionDate "2011.11.24"]
[SourceQuality "1"]

1. e4 e5 2. Nf3 Nc6 3. Bc4 Nf6 4. Ng5 d5 5. exd5 Na5 6. Bb5+ c6 7. dxc6 bxc6 8. Qf3 Qc7 9. Bd3 Be7 10. Bxh7 Bg4 11. Qg3 Nxh7 12. Nxh7 f5 13. d4 Rxh7 14. 0-0 0-0-0 15. dxe5 Rdh8 16. f4 Bc5+ 17. Be3 Bxe3+ 18. Qxe3 Rxh2 19. Nd2 Qd8 0-1

[Event "Orlova op 6th"]
[Site "Orlova"]
[Date "2009.05.24"]
[Round "3"]
[White "Votava, Petr"]
[Black "Ganaus, Hannes"]
[Result "1/2-1/2"]
[WhiteElo "2137"]
[BlackElo "2235"]
[PlyCount "95"]
[EventDate "2009.05.23"]
[EventType "swiss"]
[EventRounds "9"]
[EventCountry "CZE"]
[SourceTitle "EXT 2012"]
[Source "ChessBase"]
[SourceDate "2011.11.24"]
[SourceVersion "1"]
[SourceVersionDate "2011.11.24"]
[SourceQuality "1"]

1. d4 Nf6 2. Nf3 c5 3. c4 e6 4. e3 b6 5. Nc3 Bb7 6. d5 d6 7. e4 e5 8. Bd3 Be7 9. 0-0 Nbd7 10. Re1 h6 11. g3 Bc8 12. Nh4 g6 13. Bf1 Ng8 14. Ng2 h5 15. h4 Nh6 16. Ne3 Kf8 17. Bh3 Kg7 18. Kh2 a6 19. Rg1 Nf6 20. Bxc8 Qxc8 21. f3 Rb8 22. Qf1 Qd7 23. a4 Ne8 24. Nc2 f5 25. Qh3 Nf6 26. Bxh6+ Kxh6 27. Ne3 fxe4 28. Qxd7 Nxd7 29. Nxe4 Rhf8 30. Rgf1 Nf6 31. Ng5 Ne8 32. Ne6 Rf7 33. Nd1 Ng7 34. Nxg7 Kxg7 35. Nc3 g5 36. hxg5 Bxg5 37. Ne4 Be7 38. Kg2 Kg6 39. Rh1 b5 40. cxb5 axb5 41. a5 Bf8 42. a6 Ra7 43. Ra5 b4 44. Nd2 Be7 45. b3 Bd8 46. Ra4 Rba8 47. Rha1 Kf5 48. Ne4 1/2-1/2

[Event "Stare Mesto op"]
[Site "Stare Mesto"]
[Date "2007.08.17"]
[Round "9"]
[White "Votava, Petr"]
[Black "Kusina, Aleksander"]
[Result "1-0"]
[WhiteElo "2125"]
[BlackElo "1983"]
[PlyCount "81"]
[EventDate "2007.08.10"]
[EventType "swiss"]
[EventRounds "10"]
[EventCountry "CZE"]
[SourceTitle "CBM 119 Extra"]
[Source "ChessBase"]
[SourceDate "2007.09.04"]
[SourceVersion "1"]
[SourceVersionDate "2007.09.04"]
[SourceQuality "1"]

1. d4 d5 2. Nf3 Nf6 3. c4 e6 4. g3 Nc6 5. Bg2 Be7 6. b3 0-0 7. 0-0 a5 8. a4 Nb4 9. Nc3 b6 10. Ne5 Bb7 11. Ba3 Ne4 12. Qc1 Nxc3 13. Qxc3 c6 14. Rfd1 f6 15. Nd3 Nxd3 16. Rxd3 Bxa3 17. Rxa3 Qd6 18. c5 bxc5 19. dxc5 Qc7 20. Ra1 Rfb8 21. e4 Ba6 22. Rd2 Rb4 23. exd5 exd5 24. Rxd5 Rab8 25. Rd6 Rxb3 26. Qe1 Bd3 27. Rd1 Bf5 28. Rxc6 Qe5 29. Qxe5 fxe5 30. Bd5+ Kf8 31. Bxb3 Rxb3 32. Rc7 Ke8 33. Rxg7 Rc3 34. Rc7 h5 35. c6 Bg4 36. Rb1 Kd8 37. Ra7 Rxc6 38. Rxa5 e4 39. Ra7 h4 40. Rb8+ Bc8 41. Raa8 1-0

[Event "Stare Mesto op"]
[Site "Stare Mesto"]
[Date "2007.08.13"]
[Round "5"]
[White "Votava, Petr"]
[Black "Brandi, Flaviano"]
[Result "1-0"]
[WhiteElo "2125"]
[BlackElo "2003"]
[PlyCount "69"]
[EventDate "2007.08.10"]
[EventType "swiss"]
[EventRounds "10"]
[EventCountry "CZE"]
[SourceTitle "CBM 119 Extra"]
[Source "ChessBase"]
[SourceDate "2007.09.04"]
[SourceVersion "1"]
[SourceVersionDate "2007.09.04"]
[SourceQuality "1"]

1. d4 d5 2. Nf3 e6 3. c4 Nf6 4. Nc3 c6 5. g3 dxc4 6. Bg2 Nbd7 7. 0-0 Be7 8. e4 0-0 9. Qe2 c5 10. Rd1 cxd4 11. Rxd4 Bc5 12. Rxc4 b5 13. Nxb5 Qb6 14. a4 Ng4 15. Rxc5 Qxc5 16. b3 Ba6 17. Ba3 Bxb5 18. axb5 Qc3 19. Rc1 Qxb3 20. Bxf8 Kxf8 21. Nd4 Qa3 22. Rd1 Nde5 23. h3 Nf6 24. f4 Ned7 25. e5 Nd5 26. Bxd5 exd5 27. Kg2 Re8 28. Nc6 Nb6 29. Qd3 Qc5 30. Qxh7 f6 31. Qh8+ Kf7 32. Qh5+ Kf8 33. Re1 Qc2+ 34. Re2 Qd3 35. e6 1-0

[Event "Stare Mesto op"]
[Site "Stare Mesto"]
[Date "2007.08.12"]
[Round "4"]
[White "Kubis, Ivan"]
[Black "Votava, Petr"]
[Result "1/2-1/2"]
[WhiteElo "2026"]
[BlackElo "2125"]
[PlyCount "35"]
[EventDate "2007.08.10"]
[EventType "swiss"]
[EventRounds "10"]
[EventCountry "CZE"]
[SourceTitle "CBM 119 Extra"]
[Source "ChessBase"]
[SourceDate "2007.09.04"]
[SourceVersion "1"]
[SourceVersionDate "2007.09.04"]
[SourceQuality "1"]

1. e4 e5 2. Nf3 Nc6 3. Bb5 Nf6 4. 0-0 Bc5 5. c3 d6 6. d4 Bb6 7. d5 Nxe4 8. dxc6 0-0 9. Nbd2 Nc5 10. b4 Ne6 11. Nc4 a6 12. Nxb6 cxb6 13. Ba4 Qc7 14. Qd3 bxc6 15. Ng5 Nxg5 16. Bxg5 f6 17. Bh4 b5 18. Bb3+ 1/2-1/2

[Event "Stare Mesto op"]
[Site "Stare Mesto"]
[Date "2006.08.13"]
[Round "3"]
[White "Pachta, Paul"]
[Black "Votava, Petr"]
[Result "1-0"]
[WhiteElo "2331"]
[BlackElo "2151"]
[PlyCount "79"]
[EventDate "2006.08.11"]
[EventType "swiss"]
[EventRounds "10"]
[EventCountry "CZE"]
[SourceTitle "CBM 113 Extra"]
[Source "ChessBase"]
[SourceDate "2006.09.14"]
[SourceVersion "1"]
[SourceVersionDate "2006.09.14"]
[SourceQuality "1"]

1. d4 Nf6 2. Nf3 d6 3. c4 c6 4. g3 Nbd7 5. Bg2 e5 6. Nc3 Be7 7. e4 a6 8. a4 0-0 9. 0-0 Qc7 10. h3 a5 11. Be3 Re8 12. Qc2 h6 13. Rad1 Nh7 14. Kh1 Ndf8 15. d5 g5 16. Ne1 Ng6 17. Nd3 Bf6 18. c5 dxc5 19. Bxc5 Be7 20. Qb3 Bxc5 21. Nxc5 cxd5 22. Qb5 Qd8 23. Nxd5 Rb8 24. Nc7 Qxc7 25. Qxe8+ Nhf8 26. Qb5 b6 27. Na6 Bxa6 28. Qxa6 Ne6 29. Rc1 Nc5 30. Qc4 Nf8 31. Rfd1 Nfe6 32. Rd5 Kg7 33. Bf3 f6 34. Bg4 Qe7 35. b4 axb4 36. Qxb4 Rb7 37. Bxe6 Nxe6 38. Qxe7+ Rxe7 39. Rc6 Nc5 40. a5 1-0

[Event "Ostrava CEZ op"]
[Site "Ostrava"]
[Date "2006.05.02"]
[Round "4"]
[White "Rojicek, Vojtech"]
[Black "Votava, Petr"]
[Result "0-1"]
[WhiteElo "2237"]
[BlackElo "2163"]
[PlyCount "36"]
[EventDate "2006.04.29"]
[EventType "swiss"]
[EventRounds "9"]
[EventCountry "CZE"]
[SourceTitle "EXT 2008"]
[Source "ChessBase"]
[SourceDate "2007.11.25"]
[SourceVersion "1"]
[SourceVersionDate "2007.11.25"]
[SourceQuality "1"]

1. d4 d5 2. c4 e6 3. Nc3 Nf6 4. cxd5 exd5 5. Bg5 c6 6. e3 Qb6 7. Qc2 Ne4 8. Nxe4 dxe4 9. Qxe4+ Be6 10. 0-0-0 Qa5 11. Nf3 Qxa2 12. d5 cxd5 13. Bc4 Qa1+ 14. Kc2 Nc6 15. Bxd5 Nb4+ 16. Kc3 Nxd5+ 17. Rxd5 Rc8+ 18. Kb3 Qxh1 0-1

[Event "Ostrava CEZ op"]
[Site "Ostrava"]
[Date "2006.05.01"]
[Round "3"]
[White "Votava, Petr"]
[Black "Cibicek, Jozef"]
[Result "1-0"]
[WhiteElo "2163"]
[BlackElo "1935"]
[PlyCount "45"]
[EventDate "2006.04.29"]
[EventType "swiss"]
[EventRounds "9"]
[EventCountry "CZE"]
[SourceTitle "EXT 2008"]
[Source "ChessBase"]
[SourceDate "2007.11.25"]
[SourceVersion "1"]
[SourceVersionDate "2007.11.25"]
[SourceQuality "1"]

1. d4 d5 2. c4 e5 3. dxe5 d4 4. Nf3 Nc6 5. g3 Bg4 6. Bg2 Qd7 7. 0-0 0-0-0 8. a3 h5 9. b4 Bxf3 10. exf3 Nxe5 11. Nd2 h4 12. f4 Ng4 13. Qf3 c6 14. h3 f5 15. hxg4 fxg4 16. Qd3 h3 17. Be4 h2+ 18. Kh1 Qd6 19. Nb3 Nf6 20. Bg2 Be7 21. Bb2 Rh5 22. Rad1 Nd7 23. Qxd4 1-0

[Event "Orlova op1"]
[Site "Orlova"]
[Date "2006.05.??"]
[Round "?"]
[White "Vesely, Martin"]
[Black "Votava, Petr"]
[Result "0-1"]
[WhiteElo "2150"]
[BlackElo "2163"]
[PlyCount "81"]
[EventDate "2006.05.??"]
[EventType "swiss"]
[EventRounds "9"]
[EventCountry "CZE"]
[SourceTitle "EXT 2008"]
[Source "ChessBase"]
[SourceDate "2007.11.25"]
[SourceVersion "1"]
[SourceVersionDate "2007.11.25"]
[SourceQuality "1"]

1. d4 Nf6 2. Nf3 d5 3. c4 e6 4. Nc3 Nbd7 5. cxd5 exd5 6. g3 Bd6 7. Bg2 0-0 8. 0-0 c6 9. Qc2 Re8 10. Nh4 Nf8 11. a3 Ng6 12. Nxg6 hxg6 13. f3 c5 14. dxc5 Bxc5+ 15. Kh1 d4 16. Na4 Bf8 17. b4 Bf5 18. Qd1 Rc8 19. Nb2 Bc2 20. Qd2 Qb6 21. Nd3 Nd5 22. Bb2 Ne3 23. Rfc1 Ba4 24. Bh3 Nc4 25. Qe1 Rc7 26. Qf2 Nxb2 27. Nxb2 Bb5 28. Nd3 Rce7 29. Bf1 Re3 30. Rc2 g5 31. Rac1 Qf6 32. Kg2 Qe6 33. Kg1 Qf5 34. Nc5 Bc6 35. Rd2 Bxc5 36. Rxc5 Qb1 37. Rxg5 Qc1 38. Ra2 d3 39. Rc5 d2 40. Rac2 Qxc2 41. Rxc2 0-1

[Event "Orlova op1"]
[Site "Orlova"]
[Date "2006.05.??"]
[Round "?"]
[White "Votava, Petr"]
[Black "Stampovsky, Libor"]
[Result "1-0"]
[WhiteElo "2163"]
[BlackElo "2008"]
[PlyCount "43"]
[EventDate "2006.05.??"]
[EventType "swiss"]
[EventRounds "9"]
[EventCountry "CZE"]
[SourceTitle "EXT 2008"]
[Source "ChessBase"]
[SourceDate "2007.11.25"]
[SourceVersion "1"]
[SourceVersionDate "2007.11.25"]
[SourceQuality "1"]

1. d4 d5 2. Nf3 c6 3. c4 Nf6 4. Nc3 e6 5. e3 Nbd7 6. Bd3 dxc4 7. Bxc4 b5 8. Bd3 Bb7 9. 0-0 a6 10. e4 c5 11. d5 b4 12. dxe6 bxc3 13. exd7+ Qxd7 14. Ne5 Qd4 15. Qb3 Qxe5 16. Qxb7 Rb8 17. Qc6+ Nd7 18. bxc3 Qxc3 19. Bf4 Rb6 20. Qc8+ Ke7 21. Rad1 Qf6 22. Bc7 1-0

[Event "Orlova op 3rd"]
[Site "Orlova"]
[Date "2006.??.??"]
[Round "4"]
[White "Ganaus, Hannes"]
[Black "Votava, Petr"]
[Result "1-0"]
[WhiteElo "2321"]
[BlackElo "2163"]
[PlyCount "49"]
[EventDate "2006.06.??"]
[EventType "swiss"]
[EventRounds "9"]
[EventCountry "CZE"]
[SourceTitle "EXT 2008"]
[Source "ChessBase"]
[SourceDate "2007.11.25"]
[SourceVersion "1"]
[SourceVersionDate "2007.11.25"]
[SourceQuality "1"]

1. Nf3 d5 2. c4 c6 3. b3 Nf6 4. g3 Bf5 5. Bg2 e6 6. 0-0 Nbd7 7. Bb2 h6 8. d3 Bd6 9. Nbd2 e5 10. cxd5 cxd5 11. e4 Be6 12. exd5 Bxd5 13. Nc4 Bc7 14. Ba3 b5 15. Ne3 Bb7 16. Nf5 Qb8 17. Nxg7+ Kd8 18. d4 e4 19. Nh4 Bd6 20. Bb2 Bd5 21. Ngf5 Bf8 22. Ne3 Qb7 23. Nhf5 Nb6 24. Ng4 Nfd7 25. Nfe3 1-0

[Event "Orlova op 1st"]
[Site "Orlova"]
[Date "2004.05.??"]
[Round "4"]
[White "Turon, Petr"]
[Black "Votava, Petr"]
[Result "0-1"]
[WhiteElo "1985"]
[BlackElo "2155"]
[PlyCount "86"]
[EventDate "2004.05.??"]
[EventType "swiss"]
[EventRounds "9"]
[EventCountry "CZE"]
[SourceTitle "EXT 2007"]
[Source "ChessBase"]
[SourceDate "2006.11.23"]
[SourceVersion "1"]
[SourceVersionDate "2006.11.23"]
[SourceQuality "1"]

1. c4 e6 2. Nf3 d5 3. g3 Nf6 4. Bg2 Nbd7 5. b3 c6 6. 0-0 Be7 7. Bb2 0-0 8. d4 Ne4 9. Nfd2 f5 10. f3 Nxd2 11. Nxd2 Bg5 12. e4 Be3+ 13. Kh1 Qb6 14. c5 Qd8 15. e5 f4 16. Re1 Bf2 17. Re2 fxg3 18. Rxf2 gxf2 19. Nf1 b6 20. b4 a5 21. a3 axb4 22. axb4 Rxa1 23. Qxa1 Bb7 24. Bc1 Qa8 25. Qb2 Qa4 26. Be3 Qd1 27. Qxf2 Ba6 28. Kg1 bxc5 29. bxc5 Rb8 30. Bh3 Nf8 31. Kg2 Bxf1+ 32. Qxf1 Qc2+ 33. Qf2 Qg6+ 34. Qg3 Rb2+ 35. Bf2 Qc2 36. Qh4 Qd2 37. Kf1 h6 38. Kg1 Kh7 39. Qg3 Qd1+ 40. Bf1 Rb1 41. Qh3 Ng6 42. Be3 Qe2 43. Bg5 Rxf1+ 0-1

[Event "Morava-chT 9899"]
[Site "Czech Republic"]
[Date "1999.??.??"]
[Round "6"]
[White "Votava, Petr"]
[Black "Kubala, Petr"]
[Result "0-1"]
[WhiteElo "2200"]
[BlackElo "2315"]
[PlyCount "78"]
[EventDate "1998.??.??"]
[EventType "team-tourn"]
[EventRounds "11"]
[EventCountry "CZE"]
[SourceTitle "EXT 2000"]
[Source "ChessBase"]
[SourceDate "1999.11.16"]
[SourceVersion "1"]
[SourceVersionDate "1999.11.16"]
[SourceQuality "1"]

1. d4 Nf6 2. Nf3 e6 3. c4 b6 4. g3 Bb7 5. Bg2 Bb4+ 6. Bd2 Bxd2+ 7. Nbxd2 d6 8. 0-0 Nbd7 9. Qc2 0-0 10. Rfd1 Qe7 11. e4 e5 12. Nh4 g6 13. d5 Nh5 14. Nf1 Ng7 15. Bh3 Nf6 16. Ne3 Nfh5 17. Qe2 Nf4 18. gxf4 Qxh4 19. Qg4 Qxg4+ 20. Nxg4 exf4 21. Nf6+ Kh8 22. Kg2 Ne8 23. e5 dxe5 24. Nd7 Rg8 25. Nxe5 Nd6 26. Rac1 f5 27. c5 bxc5 28. Rxc5 Rg7 29. Kg1 Re8 30. Nd3 f3 31. Ra5 Rge7 32. Bf1 g5 33. Nc5 Re1 34. Rxe1 Rxe1 35. Nxb7 Nc4 36. Rxa7 Nd2 37. h3 Rxf1+ 38. Kh2 Rxf2+ 39. Kg1 Rg2+ 0-1

[Event "Ostrava op"]
[Site "Ostrava"]
[Date "1998.??.??"]
[Round "?"]
[White "Kana, Pavel"]
[Black "Votava, Petr"]
[Result "0-1"]
[WhiteElo "2150"]
[BlackElo "2125"]
[PlyCount "82"]
[EventDate "1998.??.??"]
[EventType "swiss"]
[EventRounds "10"]
[EventCountry "CZE"]
[SourceTitle "EXT 2006"]
[Source "ChessBase"]
[SourceDate "2005.11.24"]
[SourceVersion "1"]
[SourceVersionDate "2005.11.24"]
[SourceQuality "1"]

1. e4 e5 2. Nf3 Nc6 3. Bb5 a6 4. Bxc6 dxc6 5. d4 exd4 6. Qxd4 Bg4 7. Nbd2 Qxd4 8. Nxd4 0-0-0 9. N4b3 g5 10. 0-0 Bg7 11. Re1 Ne7 12. f3 Be6 13. Nf1 h6 14. c3 b6 15. Be3 c5 16. Rad1 Ng6 17. Nc1 Rhe8 18. Bf2 g4 19. Ne3 gxf3 20. gxf3 Bh3 21. Rxd8+ Rxd8 22. Rd1 Rxd1+ 23. Nxd1 f5 24. exf5 Ne5 25. f4 Nf3+ 26. Kh1 Bxf5 27. Kg2 Be4 28. Kh3 Kd7 29. Ne3 Ke6 30. Ne2 c4 31. Ng3 Bd3 32. Nh5 Bh8 33. Ng3 b5 34. Nh5 b4 35. Kg3 bxc3 36. bxc3 Nd2 37. Ng4 Be2 38. Bd4 Bxd4 39. cxd4 c3 40. d5+ Kxd5 41. Ne3+ Ke4 0-1

[Event "Ostrava op"]
[Site "Ostrava"]
[Date "1998.??.??"]
[Round "?"]
[White "Sisak, Richard"]
[Black "Votava, Petr"]
[Result "1-0"]
[WhiteElo "2220"]
[BlackElo "2125"]
[PlyCount "70"]
[EventDate "1998.??.??"]
[EventType "swiss"]
[EventRounds "10"]
[EventCountry "CZE"]
[SourceTitle "EXT 2006"]
[Source "ChessBase"]
[SourceDate "2005.11.24"]
[SourceVersion "1"]
[SourceVersionDate "2005.11.24"]
[SourceQuality "1"]

1. d4 d5 2. c4 e6 3. Nf3 Nf6 4. g3 dxc4 5. Bg2 c5 6. 0-0 Bd7 7. Ne5 Bc6 8. Nxc6 Nxc6 9. Bxc6+ bxc6 10. Qa4 Qb6 11. dxc5 Bxc5 12. Qxc4 Rd8 13. e3 Qb5 14. Qc2 Bb6 15. Bd2 0-0 16. Bc3 Qd3 17. Qxd3 Rxd3 18. Bxf6 gxf6 19. Nc3 Rfd8 20. Rfd1 Rd2 21. Rab1 Ba5 22. Rxd2 Rxd2 23. Ne4 Rc2 24. Nxf6+ Kg7 25. Nh5+ Kg6 26. Nf4+ Kf5 27. Kg2 e5 28. Nd3 Ke4 29. Rd1 Bb6 30. Kh3 c5 31. f3+ Kxe3 32. Nxe5 c4 33. Re1+ Kf2 34. Re4 f6 35. Rxc4 Rxb2 1-0

[Event "Ostrava op"]
[Site "Ostrava"]
[Date "1998.??.??"]
[Round "?"]
[White "Splichal, Stanislav"]
[Black "Votava, Petr"]
[Result "1-0"]
[WhiteElo "2130"]
[BlackElo "2125"]
[PlyCount "80"]
[EventDate "1998.??.??"]
[EventType "swiss"]
[EventRounds "10"]
[EventCountry "CZE"]
[SourceTitle "EXT 2006"]
[Source "ChessBase"]
[SourceDate "2005.11.24"]
[SourceVersion "1"]
[SourceVersionDate "2005.11.24"]
[SourceQuality "1"]

1. Nf3 d5 2. d4 Nf6 3. c4 e6 4. g3 dxc4 5. Bg2 c5 6. Qa4+ Nbd7 7. 0-0 a6 8. Nc3 Nd5 9. Qxc4 b5 10. Qd3 Bb7 11. e4 c4 12. Qe2 Nxc3 13. bxc3 Be7 14. h4 0-0 15. Bf4 Nb6 16. Rfd1 Na4 17. Qc2 Qa5 18. Bd2 f5 19. exf5 exf5 20. Ng5 Bxg2 21. Kxg2 Bxg5 22. hxg5 Rae8 23. Re1 g6 24. Rxe8 Rxe8 25. Re1 Qd8 26. Qd1 Rxe1 27. Qxe1 Qd5+ 28. f3 Kf7 29. Qh1 Kg7 30. Qe1 Kf8 31. Bf4 Nb2 32. Qc1 Nd3 33. Qa3+ Kf7 34. Qxa6 Ne1+ 35. Kf1 Qxf3+ 36. Kxe1 Qxc3+ 37. Kf1 Qf3+ 38. Ke1 Qc3+ 39. Bd2 Qxg3+ 40. Kd1 Qf3+ 1-0

[Event "Ostrava op"]
[Site "Ostrava"]
[Date "1998.??.??"]
[Round "?"]
[White "Votava, Petr"]
[Black "Bolacky, Jiri"]
[Result "1/2-1/2"]
[WhiteElo "2125"]
[BlackElo "2185"]
[PlyCount "55"]
[EventDate "1998.??.??"]
[EventType "swiss"]
[EventRounds "10"]
[EventCountry "CZE"]
[SourceTitle "EXT 2006"]
[Source "ChessBase"]
[SourceDate "2005.11.24"]
[SourceVersion "1"]
[SourceVersionDate "2005.11.24"]
[SourceQuality "1"]

1. d4 Nf6 2. Nf3 g6 3. Bg5 Bg7 4. Nbd2 d5 5. e3 0-0 6. Bd3 Nbd7 7. b4 Re8 8. 0-0 e5 9. dxe5 Nxe5 10. Nxe5 Rxe5 11. Bh4 Re8 12. Rb1 Be6 13. Nb3 Qc8 14. Nd4 Ne4 15. Qe1 Bd7 16. Bxe4 dxe4 17. Qc3 c6 18. Qd2 Be6 19. a3 Bc4 20. Rfd1 Qg4 21. Bg3 Rad8 22. h3 Qg5 23. Qc3 b5 24. Bf4 Qh4 25. Bg3 Qg5 26. Qe1 Qf6 27. Rd2 Rd5 28. Qd1 1/2-1/2